Score 0/16 Timer 01:00
5 Plays Today
% Correct
Pink Panther
95.3%
Popeye
95.2%
Bugs Bunny
95.1%
Yogi Bear
95%
Mickey Mouse
94.7%
Inspector Gadget
94.3%
Wilma Flintstone
94.2%
Velma Dinkley
92.1%
% Correct
Alvin
91.6%
Arthur
89.9%
The Brain
89.2%
Dexter
89.1%
Tommy Pickles
88%
Sandy Cheeks
87.3%
Aang
86.2%
Yakko
78.5%
Remove Ads.
Support Sporcle.
Get the best of Sporcle when you Go Orange. This ad-free experience offers more features, more stats, and more fun while also helping to support Sporcle. Thank you for becoming a member.

You're not logged in!

Compare scores with friends on all Sporcle quizzes.
OR
Log In

Show Comments

Extras

Top Quizzes Today


Score Distribution

Your Account Isn't Verified!

In order to create a playlist on Sporcle, you need to verify the email address you used during registration. Go to your Sporcle Settings to finish the process.

Report this User

Report this user for behavior that violates our Community Guidelines.

Details: